| 000 | 00830 a2200217 4500 | ||
|---|---|---|---|
| 005 | 20080827145716.0 | ||
| 008 | 080827t xxu||||| |||| 00| 0 eng d | ||
| 010 | _aENG-87288 | ||
| 020 | _c100.00 | ||
| 035 | _aEN-70821 | ||
| 037 | _bDBAD / PUB | ||
| 082 | _a133.5830681 | ||
| 100 | _aKrishnamurti, K.S. | ||
| 245 |
_aMarriage married life and children _cby K.S. Krishnamurti _bsteller astrology |
||
| 250 | _a11th ed. | ||
| 260 |
_aChennai _bKrishnamurti Publications _c2006 |
||
| 270 | _aF21-A, First floo0r, Spencer Plaza, 769, Anna Road | ||
| 300 |
_avii, 280 p. _c21 cm ( pbk.) |
||
| 942 |
_adpl _cEN _k133.5830681/KRI _2ddc _h133.5830681 _mKRI |
||
| 999 |
_c6349 _d6349 |
||